000 00686nam a2200289Ia 4500
005 20260324124806.0
008 008 260324s9999 xx 000 0 eng d
020 _a9781315609348
037 _aEBOOK
040 _aCRL
040 _beng
040 _cCRL
041 _2eng
041 _aeng
084 _qCRL
100 _aAnders Wivel; Robert Steinmetz
_91175503
245 0 _aSmall States in Europe
245 0 _bChallenges and Opportunities
260 _bTaylor and Francis
260 _c2010
365 _a
365 _b255
856 _uhttp://www.taylorfrancis.com/books/9781315609348
942 _cEBOOK
999 _c1770217
_d1770217